[Event "Calvia Amateur op 12th"]
[Site "Calvia"]
[Date "2015.10.15"]
[Round "6"]
[White "Tscharotschkin, Michael"]
[Black "Post, Maarten"]
[Result "1-0"]
[WhiteElo "2181"]
[BlackElo "1876"]
[PlyCount "43"]
[EventDate "2015.10.10"]
[EventType "swiss"]
[EventRounds "9"]
[EventCountry "ESP"]
[SourceTitle "EXT 2019"]
[Source "ChessBase"]
[SourceDate "2018.10.10"]
[SourceVersion "1"]
[SourceVersionDate "2018.10.10"]
[SourceQuality "1"]

1. e4 c5 2. Nf3 e6 3. c3 d6 4. d4 cxd4 5. cxd4 Nf6 6. Nc3 Be7 7. Bd3 0-0 8. h4 Nc6 9. a3 a6 10. e5 dxe5 11. dxe5 Ng4 12. Bxh7+ Kh8 13. Bd3 Qb6 14. 0-0 g6 15. Qe2 Nd4 16. Qe4 Nxf3+ 17. gxf3 f5 18. Qe2 Bxh4 19. fxg4 fxg4 20. Be3 Qc7 21. Qxg4 Qf7 22. Kg2 1-0

[Event "Paleochora op 7th"]
[Site "Paleochora"]
[Date "2014.07.23"]
[Round "4"]
[White "Papasimakopoulos, Alexandros"]
[Black "Post, Maarten"]
[Result "1-0"]
[WhiteElo "2262"]
[BlackElo "1940"]
[PlyCount "89"]
[EventDate "2014.07.21"]
[EventType "swiss"]
[EventRounds "9"]
[EventCountry "GRE"]
[SourceTitle "CBM 161 Extra"]
[Source "ChessBase"]
[SourceDate "2014.08.29"]
[SourceVersion "1"]
[SourceVersionDate "2014.08.29"]
[SourceQuality "1"]

1. d4 Nf6 2. c4 g6 3. Nc3 Bg7 4. e4 d6 5. f3 0-0 6. Be3 c5 7. Nge2 Nc6 8. d5 Ne5 9. Ng3 e6 10. Be2 exd5 11. cxd5 a6 12. a4 Qa5 13. 0-0 Re8 14. Ra3 Rb8 15. h3 Qd8 16. Rb3 b6 17. f4 Ned7 18. Bc4 h5 19. Qf3 h4 20. Nh1 Qe7 21. Nf2 Nh5 22. Re1 Ng3 23. Bd2 Bd4 24. Kh2 g5 25. e5 dxe5 26. d6 Qxd6 27. Nce4 Qg6 28. Nxg5 Rf8 29. Bd3 Qh5 30. Ng4 Bb7 31. Qd1 Bd5 32. fxe5 c4 33. Bh7+ Kg7 34. Bf4 cxb3 35. Qxd4 Be6 36. Nf6 Nxf6 37. exf6+ Kh8 38. Rxe6 Rbd8 39. Rd6 Rde8 40. Qd5 Re1 41. Bxg3 hxg3+ 42. Kxg3 Qe2 43. Nf3 Rf1 44. Be4 Rg8+ 45. Kf4 1-0

[Event "Utrecht OKU op 41st"]
[Site "Utrecht"]
[Date "2014.05.31"]
[Round "3"]
[White "Van de Groep, William"]
[Black "Post, Maarten"]
[Result "1-0"]
[WhiteElo "1963"]
[BlackElo "1940"]
[PlyCount "47"]
[EventDate "2014.05.30"]
[EventType "swiss"]
[EventRounds "6"]
[EventCountry "NED"]
[SourceTitle "CBM 160 Extra"]
[Source "ChessBase"]
[SourceDate "2014.07.01"]
[SourceVersion "1"]
[SourceVersionDate "2014.07.01"]
[SourceQuality "1"]

1. e4 c5 2. b3 Nc6 3. Bb2 d6 4. f4 Nf6 5. Nc3 a6 6. Nf3 b5 7. e5 dxe5 8. fxe5 Ng4 9. Qe2 Nb4 10. Qe4 Rb8 11. a3 f5 12. exf6 Nxf6 13. Qe5 Nc6 14. Qxc5 Bb7 15. Qg5 Nd4 16. Nxd4 Qxd4 17. 0-0-0 Rc8 18. Nxb5 Qe4 19. Nc3 Qc6 20. Bc4 g6 21. Rde1 Bg7 22. Re6 Qxg2 23. Qxg2 Bxg2 24. Rhe1 1-0

[Event "Calvia Amateur op 10th"]
[Site "Calvia"]
[Date "2013.10.11"]
[Round "7"]
[White "Aroven, Mikael"]
[Black "Post, Maarten"]
[Result "1-0"]
[WhiteElo "2101"]
[BlackElo "1952"]
[PlyCount "89"]
[EventDate "2013.10.05"]
[EventType "swiss"]
[EventRounds "9"]
[EventCountry "ESP"]
[SourceTitle "EXT 2014"]
[Source "ChessBase"]
[SourceDate "2013.11.20"]
[SourceVersion "1"]
[SourceVersionDate "2013.11.20"]
[SourceQuality "1"]

1. c4 Nf6 2. g3 g6 3. Bg2 Bg7 4. Nc3 d6 5. d3 0-0 6. e3 e5 7. Nge2 Nc6 8. 0-0 Nh5 9. Rb1 f5 10. f4 Nf6 11. b4 Rb8 12. b5 Na5 13. Nd5 Be6 14. Qa4 b6 15. Rd1 Nxd5 16. cxd5 Bd7 17. d4 a6 18. Nc3 exd4 19. exd4 Re8 20. Qb4 axb5 21. Nxb5 Re2 22. Bf3 Bxb5 23. Qxb5 Rxa2 24. Qd3 Ra4 25. Be3 Nc4 26. Bf2 b5 27. Re1 Ra2 28. Re2 Ra3 29. Rb3 Rba8 30. Kg2 Rxb3 31. Qxb3 Qd7 32. h3 Ra3 33. Qc2 Bf6 34. Re6 Kg7 35. g4 c5 36. dxc5 dxc5 37. Qe2 Qc7 38. g5 Bd8 39. d6 Qd7 40. Bd5 Rb3 41. Bxc5 Rb1 42. Re7+ Bxe7 43. Qxe7+ Qxe7 44. dxe7 Re1 45. Bd4+ 1-0

[Event "Rethymno op 5th"]
[Site "Rethymno"]
[Date "2013.08.02"]
[Round "7"]
[White "Post, Maarten"]
[Black "Johansen, Terje"]
[Result "1-0"]
[WhiteElo "1936"]
[BlackElo "2264"]
[PlyCount "127"]
[EventDate "2013.07.28"]
[EventType "swiss"]
[EventRounds "9"]
[EventCountry "GRE"]
[SourceTitle "CBM 155 Extra"]
[Source "ChessBase"]
[SourceDate "2013.08.26"]
[SourceVersion "1"]
[SourceVersionDate "2013.08.26"]
[SourceQuality "1"]

1. e4 c6 2. d4 d5 3. Nc3 dxe4 4. Nxe4 Bf5 5. Ng3 Bg6 6. h4 h6 7. Nf3 Nd7 8. h5 Bh7 9. Bd3 Bxd3 10. Qxd3 e6 11. Bd2 Ngf6 12. 0-0-0 Be7 13. Kb1 0-0 14. Ne4 Nxe4 15. Qxe4 Nf6 16. Qe2 Qd5 17. c4 Qe4+ 18. Qxe4 Nxe4 19. Be3 f5 20. g3 Bg5 21. Rhg1 Bxe3 22. fxe3 Nf6 23. Rh1 Ng4 24. Rde1 Rad8 25. Kc2 Rd7 26. Re2 Re8 27. Rhe1 Nf6 28. Ne5 Rc7 29. Rh2 c5 30. b3 Rd8 31. Rd1 cxd4 32. Rxd4 Re8 33. Kb2 a6 34. b4 a5 35. a3 axb4 36. axb4 Ra8 37. Kb3 b5 38. cxb5 Nd5 39. Rd3 Rb8 40. Ra2 Kf8 41. Ra5 Rbc8 42. Nc6 Rb7 43. Nd4 Nc7 44. Rc3 Re8 45. Kc4 Kf7 46. Kc5 e5 47. Nxf5 Nxb5 48. Rxb5 Rc7+ 49. Kd5 Rd8+ 50. Nd6+ Rxd6+ 51. Kxd6 Rxc3 52. Rxe5 Kf6 53. Re4 Kg5 54. g4 g6 55. hxg6 Kxg6 56. b5 Rb3 57. Kc6 Rc3+ 58. Kb7 Kg5 59. b6 Rb3 60. Kc7 Rc3+ 61. Kb8 Rb3 62. b7 Rc3 63. Re6 Kxg4 64. Rxh6 1-0

[Event "Pula op 26th"]
[Site "Pula"]
[Date "2012.06.09"]
[Round "1"]
[White "Post, Maarten"]
[Black "Doric, Nenad"]
[Result "1/2-1/2"]
[WhiteElo "1947"]
[BlackElo "2339"]
[PlyCount "68"]
[EventDate "2012.06.09"]
[EventType "swiss"]
[EventRounds "9"]
[EventCountry "CRO"]
[SourceTitle "CBM 148 Extra"]
[Source "ChessBase"]
[SourceDate "2012.06.22"]
[SourceVersion "1"]
[SourceVersionDate "2012.06.22"]
[SourceQuality "1"]

1. e4 c5 2. Nf3 d6 3. d4 cxd4 4. Nxd4 Nf6 5. Nc3 Bd7 6. Be2 Bc6 7. Nxc6 Nxc6 8. Be3 e6 9. 0-0 Be7 10. f4 a6 11. Bd3 0-0 12. Qf3 Qc7 13. Qh3 Nb4 14. Rac1 b5 15. Kh1 Rfe8 16. a3 Nxd3 17. cxd3 Qb7 18. f5 Bd8 19. fxe6 fxe6 20. Qg3 Qd7 21. Ne2 e5 22. Nc3 Qg4 23. Qe1 Qh5 24. Rf5 Qg6 25. Rg5 Qf7 26. Rf5 g6 27. Rf3 Qe6 28. h3 Rc8 29. Ne2 Rxc1 30. Qxc1 Qd7 31. Qf1 Qe6 32. Nc3 Be7 33. Bg5 Rf8 34. Bxf6 Rxf6 1/2-1/2

[Event "Utrecht OKU op 38th"]
[Site "Utrecht"]
[Date "2011.06.03"]
[Round "1"]
[White "Galje, Hans"]
[Black "Post, Maarten"]
[Result "1-0"]
[WhiteElo "2143"]
[BlackElo "1972"]
[PlyCount "69"]
[EventDate "2011.06.03"]
[EventType "swiss"]
[EventRounds "6"]
[EventCountry "NED"]
[SourceTitle "CBM 142 Extra"]
[Source "ChessBase"]
[SourceDate "2011.06.27"]
[SourceVersion "1"]
[SourceVersionDate "2011.06.27"]
[SourceQuality "1"]

1. d4 Nf6 2. c4 g6 3. Nc3 Bg7 4. e4 d6 5. f3 0-0 6. Bg5 Na6 7. Qd2 e5 8. dxe5 dxe5 9. Qxd8 Rxd8 10. Nd5 Rd6 11. 0-0-0 Nxd5 12. cxd5 Bf6 13. Be3 Bd7 14. Kb1 Bg7 15. Rc1 Rc8 16. Ne2 c6 17. Nc3 cxd5 18. Bxa6 Rxa6 19. Nxd5 Rxc1+ 20. Rxc1 Bc6 21. Nb4 Ra5 22. Nxc6 bxc6 23. Rxc6 Bf8 24. Rc7 a6 25. Ra7 Kg7 26. Bb6 Ra4 27. b3 Ra3 28. Bc7 Kf6 29. Kb2 Ke6 30. Ra8 Bc5 31. Re8+ Kd7 32. Rxe5 Bf8 33. Bb8 a5 34. Rd5+ Kc6 35. Bd6 1-0

[Event "Leros Artemis Cup 1st"]
[Site "Leros"]
[Date "2009.07.11"]
[Round "1"]
[White "Mchedlishvili, Mikheil"]
[Black "Post, Maarten"]
[Result "1/2-1/2"]
[WhiteElo "2592"]
[BlackElo "1951"]
[PlyCount "78"]
[EventDate "2009.07.11"]
[EventType "swiss"]
[EventRounds "9"]
[EventCountry "GRE"]
[SourceTitle "CBM 131 Extra"]
[Source "ChessBase"]
[SourceDate "2009.09.03"]
[SourceVersion "2"]
[SourceVersionDate "2009.09.16"]
[SourceQuality "1"]

1. d4 Nf6 2. Nf3 g6 3. c4 Bg7 4. g3 d6 5. Bg2 0-0 6. 0-0 Nc6 7. Nc3 Bf5 8. d5 Na5 9. Nd4 Bd7 10. b3 c5 11. Nc2 a6 12. Rb1 b5 13. cxb5 axb5 14. b4 Nb7 15. bxc5 Nxc5 16. Nb4 Ng4 17. Qc2 Qa5 18. Bg5 Rac8 19. Qd2 Bxc3 20. Qxc3 Ne4 21. Qb2 Nxg5 22. h4 Bf5 23. Rbc1 Ne4 24. Nc6 Rxc6 25. dxc6 Nc5 26. Rfd1 Rc8 27. e4 Be6 28. Bf1 Qxa2 29. Qxa2 Bxa2 30. Bxb5 Ne5 31. f4 Nxc6 32. e5 Na7 33. exd6 exd6 34. Bf1 Ne6 35. Ra1 Rc2 36. Rxd6 Nc8 37. Rd7 Kf8 38. Rad1 Ne7 39. R1d2 Rxd2 1/2-1/2